02743nam a2200325 i 4500003000900000005001700009007000300026008004100029020001900070040003000089041000800119082001900127100003900146245003800185264007300223300002800296336002700324337003400351338002800385500004800413520147400461590002701935650003001962650005401992942001402046952011002060952011502170952011502285999001702400DO-SdBNP20260529120319.0ta260528e2025 dr ||||gr|||||||1 1|spa d a9789945518993. aDO-SdBNPbspacBNPHUerda aspa bM385r 2025222 aMartínez, Escarlineautor989794 aResguardo /cEscarlin Martínez. aSanto Domingo, República Dominicana :bEscarlin Martínez,c2025. a136 páginas ;c21 cm. atextobtxt2rdacontent asin mediación bn2rdamedia avolumenbnc2rdacarrier aIncluye Biografía del autor en la solapa. aLiteratura: ficción y aventuras. Suspenso. El bajo retumba en el pecho de Gabriel como un segundo latido, insistente y pesado. Se ajusta el cuello de la chaqueta de cuero, sintiendo el peso del arma oculta presionando contra sus costillas. El club nocturno se arremolina con cuerpos, perfume y desesperación, el terreno de caza perfecto tanto para los cazadores como para los cazados. A su lado, Ralph asiente con la cabeza hacia la barra, sus ojos ya escudriñando a la multitud con practicada indiferencia. —Dos whiskys —le dice Gabriel al camarero, su voz lo suficientemente áspera para captar la atención del hombre por encima de la música. El camarero, joven, con mangas de tatuajes que se arremolinan en ambos brazos, asiente brevemente. Gabriel apoya los codos en el mostrador pegajoso, adoptando la postura de un hombre que no tiene un lugar mejor donde estar. A sus treinta y seis años, es mayor que la mayoría de los clientes, pero su cuerpo, mantenido gracias a la devoción religiosa al gimnasio, garantiza que no parezca fuera de lugar. Sus ojos se deslizan de un rostro a otro, catalogando detalles con precisión mecánica. —¿Ves algo? —pregunta Ralph, aceptando su bebida con un gesto de la cabeza. Gabriel toma un largo sorbo, agradeciendo el ardor. —Todavía no. La paciencia nunca fue tu punto fuerte. Ralph resopla. —Por eso nos emparejaron. Te estás volviendo viejo y cauteloso; yo mantengo las cosas interesantes. aInventariado, 2026/WG. 0aLiteratura dominicana967 0aCiencia ficción 939976zRepública Dominicana 2ddccLBS1 00102ddc51708PDaBNPHUbBNPHUcCTd2026-05-28l0oM385r 2025p2026-4650r2026-05-28w2026-05-28yLBS1 00102ddc51708PDaBNPHUbBNPHUcCTd2026-05-28l0oM385r 2025p2026-4651r2026-05-28te.2w2026-05-28yLBS1 00102ddc51708PDaBNPHUbBNPHUcCTd2026-05-28l0oM385r 2025p2026-4652r2026-05-28te.3w2026-05-28yLBS1 c60836d60836